000
00347pab a2200157 454500
008
180718b2007 xxu||||| |||| 00| 0 eng d
100
_a
Boyd, Richard
245
_a
`The value of civility?'
260
_c
2007
300
_a
p.863-78.
362
_a
May
650
_a
Urban sociology
773
_a
Urban Studies
908
_a
N
909
_a
75402
999
_c
75402
_d
75402